Facing the future : Mastering the probable and managing the unpredictable

שמור ב:
מידע ביבליוגרפי
פורמט: ספר
שפה:Undetermined
יצא לאור: Paris Organisation for Economic Co-operation and Development 1979
נושאים:
תגים: הוספת תג
אין תגיות, היה/י הראשונ/ה לתייג את הרשומה!
Thư viện lưu trữ: Trung tâm Học liệu Trường Đại học Cần Thơ
LEADER 00652nam a2200193Ia 4500
001 CTU_88617
008 210402s9999 xx 000 0 und d
082 |a 330.9 
082 |b F141 
245 0 |a Facing the future : 
245 0 |b Mastering the probable and managing the unpredictable 
245 0 |c Organisation for Economic Co-operation and Development 
260 |a Paris 
260 |b Organisation for Economic Co-operation and Development 
260 |c 1979 
650 |a Developing countries,International economic relations 
650 |x Economic conditions 
904 |i Giang,Hải 
980 |a Trung tâm Học liệu Trường Đại học Cần Thơ